[Event "Albert m"]
[Site "Albert"]
[Date "1996.??.??"]
[Round "5"]
[White "Smyslov, Vassily V"]
[Black "Bacrot, Etienne"]
[Result "0-1"]
[WhiteElo "2510"]
[BlackElo "2470"]
[Annotator "Dorfman,J"]
[PlyCount "124"]
[EventDate "1996.09.05"]
[EventType "match"]
[EventRounds "6"]
[EventCountry "FRA"]
[SourceTitle "CBM 056"]
[Source "ChessBase"]
[SourceDate "1997.02.01"]
[SourceVersion "1"]
[SourceVersionDate "1997.02.01"]
[SourceQuality "1"]

1. e4 c5 2. Nc3 Nc6 3. d3 g6 4. Be3 Nd4 $2 (4... d6 5. Qd2 (5. d4 cxd4 6. Bxd4
Nxd4 (6... Nf6 $1) 7. Qxd4 Nf6 (7... e5 8. Qa4+ Bd7 9. Bb5 a6 10. Bxd7+ Qxd7
11. Qxd7+ Kxd7 12. Nd5 $14 {1/2-1/2 Slobodjaniuk,A-Borzov/UKR-chT Alushta 1994
(32)}) 8. e5 dxe5 9. Qxe5 (9. Bb5+ Bd7 10. Qxe5 Bc6 (10... a6 11. Bxd7+ Qxd7
12. Rd1 Qc6 13. Nf3 Bg7 14. Nd5 Nxd5 15. Qxg7 Qe6+ 16. Qe5 Qxe5+ 17. Nxe5 Nb6
18. O-O f6 19. Nd3 Rd8 20. a3 Kf7 21. Rfe1 Rhe8 22. f3 Rd6 23. Kf2 {1/2-1/2
Vasilevich,T-Velcheva,M/WchJW-U16 Duisburg 1992}) 11. Rd1 Qb8 12. Qc5 Qc7 13.
Nf3 Bg7 14. O-O O-O 15. Bxc6 bxc6 16. Rfe1 e6 17. Ne5 Rfc8 18. Rd2 Nd5 19. Rde2
Rab8 20. Nd1 Rb5 21. Qd4 c5 22. Qg4 c4 23. a3 Ra5 24. h4 Rd8 25. h5 Bxe5 26.
Rxe5 Nf6 27. Qg5 Rxe5 {0-1 Iosan,V-Cao,S/Budapest Spring op 1996}) 9... Bg7 10.
Rd1 Bd7 11. Bb5 {Diese Variante fürchtete Bacrot. Die Fesselung sieht
gefährlich für Schwarz aus, aber...} O-O $1 12. Bxd7 Nxd7 13. Qb5 Qb6 $1 14.
Qxd7 (14. Rxd7 Bxc3+ 15. bxc3 Qxb5 $19) 14... Rad8 $44 15. Qh3 Qxb2 16. Nge2
Rxd1+ 17. Nxd1 Qxa2) 5... Bg7 6. h4 $5) 5. Nce2 Bg7 6. c3 Nxe2 7. Nxe2 b6 8. g3
$6 (8. d4 $142 Bb7 (8... cxd4 9. cxd4 Ba6 10. Qa4 Qc8 11. Rc1 Qb7 12. b4 $1 {
Gewinnt das Läuferpaar}) 9. f3 Nf6 10. Qd2 {/\c4}) 8... Bb7 9. Bg2 Nf6 10. O-O
O-O 11. h3 (11. f3 d6 12. d4 e5 13. dxe5 (13. g4 $5) 13... dxe5 14. c4 Z0 15.
Nc3 Z0 16. Nd5) 11... Qc7 $1 {/\c5-c4!} (11... c4 12. e5 Nd5 13. Bg5 $1 cxd3
14. Qxd3 h6 15. Bd2 e6 16. c4 $16 {[%csl Yd5,Yd6]}) 12. c4 e6 13. f4 (13. Nc3
d5 $1 14. cxd5 exd5 15. exd5 Rad8 16. Qb3 Qd7 17. Bg5 h6 $17 {[%csl Yd3]})
13... Ne8 $1 {/\ der weiße Vorstoß g3-g4 soll mit f7-f5 beantwortet werden.}
14. Nc3 Rd8 {/\d7-d5} (14... Rd8 15. Z0 d5 16. exd5 (16. cxd5 exd5) 16... exd5
17. cxd5 Bxc3 18. bxc3 Bxd5) (14... f5 $5 15. Z0 Nd6 $1) 15. Bf2 (15. Nb5 Qb8
16. d4 $2 f5 $1 (16... d5 17. cxd5 exd5 18. e5 Ba6 19. a4 $16)) 15... d5 $6 (
15... f5 $142) 16. cxd5 exd5 17. e5 d4 18. Ne4 Kh8 (18... f6 $142 $1 19. e6 (
19. exf6 Nxf6 20. Ng5 Bxg2 21. Kxg2 c4 $13) 19... Bd5 20. Re1 Qe7 $1 (20...
Bxe6 21. Nxc5 Bxh3 22. Qb3+ Kh8 23. Nb7 Bxg2 (23... Rb8 24. Rac1 Qd7 25. Bc6
Qg4 26. Re7 $16) 24. Nxd8 Ba8 25. Nf7+ Kg8 26. Nd6+ Kh8 27. Nxe8 Qc6 28. Re4
Rxe8 29. Qc4 $16) 21. Z0 f5 22. Ng5 Bxg2 23. Kxg2 Nd6) 19. Re1 Bc6 $6 (19...
Bd5 $142) 20. b4 $1 cxb4 21. Rc1 Qb7 22. Qb3 (22. Qc2 {Mit einer interessanten
Idee.} Bd5 23. Bxd4 f5 $142 $1 {Die weiße Idee ist zerstört.} (23... Bxa2 24.
Qxa2 Rxd4 25. Ng5 Qe7 (25... Qd7 26. Bc6 Qe7 27. Bd5 {Ändert nichts.}) 26. Bd5
Kg8 27. Re3 Nf6 28. Bxf7+ Rxf7 29. Rc8+ $1 Bf8 30. Rxf8+ Qxf8 (30... Kxf8 31.
Ne6+) 31. exf6 Rdd7 32. Nxf7 Rxf7 33. Re7 $18)) 22... a5 23. Qc4 Bd5 24. Qxd4
f5 $138 25. Qxb6 $4 (25. exf6 $142 Nxf6 26. Qxb6 $16) 25... Qa8 26. Rc5 fxe4
27. Rxa5 Qc8 28. dxe4 Be6 29. Rc5 Qd7 30. Qxb4 (30. Rd5 $5 {Bietet angesichts
der schwarzen Zeitnot praktisch mehr als Remis-Chancen.} Bxd5 31. exd5 Ra8 32.
Bc5 Rxa2 33. Bxf8 Bxf8 34. d6 Ra7 $11) 30... Bxa2 31. Ra5 Bg8 32. Ra7 (32. Bc5
Rf7 33. Be3 Qc8) 32... Qc8 33. Qc5 Rf7 34. Qxc8 Rxc8 35. Rxf7 Bxf7 36. Bd4 Rd8
37. Ba1 Nc7 38. f5 Ra8 39. g4 Kg8 40. Bf1 Ra5 41. Rc1 Ne8 42. f6 (42. Kf2 Bxe5
43. Bxe5 Rxe5 44. Ke3 gxf5 45. gxf5 Nd6 46. Bd3 {Und Weiß bricht die Blockade.}
) 42... Bh6 43. Rb1 Bf4 44. Bc3 Ra3 45. Ba1 Ra4 46. Bd3 Ra5 47. Bb5 Nc7 48. Bc6
Bxe5 49. Rb8+ Ne8 50. Bxe5 Rxe5 51. h4 h6 52. Kg2 Kf8 53. Rc8 (53. g5 $1 hxg5
54. hxg5 Rxg5+ 55. Kf3 Rc5 56. Ba4 $11) 53... g5 54. hxg5 hxg5 55. Kg3 Bg6 56.
Bd5 Bf7 57. Bc6 Kg8 58. Kf3 Kh7 59. Bxe8 Bxe8 60. Rd8 Kg6 61. Rd6 Bf7 62. Ke3
Be6 {Eine Partie, die für den zuschauenden Sekundanten ein wahres Martyrium
bedeutete.} 0-1

[Event "Gibraltar Masters 14th"]
[Site "Caleta"]
[Date "2016.01.30"]
[Round "5"]
[White "Rapport, Richard"]
[Black "Edouard, Romain"]
[Result "1/2-1/2"]
[WhiteElo "2721"]
[BlackElo "2617"]
[Annotator "Edouard,R"]
[PlyCount "100"]
[EventDate "2016.01.26"]
[EventType "swiss"]
[EventRounds "10"]
[EventCountry "GGB"]
[SourceTitle "CBM 171"]
[Source "ChessBase"]
[SourceDate "2016.03.14"]
[SourceVersion "2"]
[SourceVersionDate "2016.03.14"]
[SourceQuality "1"]

1. e4 c5 2. Nc3 d6 3. f4 g6 4. d4 cxd4 5. Qxd4 Nf6 6. Bd3 Bg7 7. Nf3 O-O 8. Qf2
$146 {A novelty, saving a tempo on 8.h3 that the few people who had reached
that position played. Indeed this is a very logical move.} a6 ({Perhaps the
best plan for Black is:} 8... Na6 {(or 8...Nbd7)} 9. O-O Nc5 {and after the
logical} 10. Qh4 {Black can play} b5 $1 {right away} 11. a3 (11. Bxb5 $2 Ncxe4
12. Nxe4 Nxe4 13. Bc6 $4 Qb6+ $19) 11... Bb7 12. f5 {and now Black has several
moves, one of them being the amusing} e5 $5 {after which the position seems
unclear:} 13. Bg5 (13. fxg6 fxg6 14. Bxb5 Nfxe4 $36) (13. fxe6 Nxe6 $132) 13...
gxf5 $1 14. exf5 e4 $1 15. Bxe4 Bxe4 16. b4 Qb6 (16... Bxc2 $5 {is also
possible.}) (16... Bxf3 $5 17. bxc5 Bb7 18. Rad1 Re8 19. Rxd6 Qc7 20. Bxf6
Qxc5+ 21. Rd4 Bxf6 22. Qxf6 Rad8 23. Rff4 Rxd4 24. Qxd4 Re5 $11) 17. Bxf6 Nd7+
18. Kh1 Nxf6 19. Nxe4 Nxe4 20. Qxe4 Bxa1 21. Rxa1 Qd8 $13) 9. O-O ({I was
wondering about} 9. h3 b5 10. e5 {but after} dxe5 11. fxe5 Nd5 12. Bd2 Bb7 13.
O-O-O Nd7 {followed by ...Qc7 the position is just quite good for Black.}) 9...
b5 10. Qh4 b4 11. Nd5 (11. Nd1 Nbd7 $13) 11... e6 (11... Nxd5 12. exd5 e6 13.
Qxd8 Rxd8 14. Bc4 $36) 12. Nxf6+ Qxf6 13. Qh3 (13. Qg3 Nd7 14. f5 Ne5 $13) (13.
Qf2 Nd7 14. a3 bxa3 15. Rxa3 Qe7 (15... Nc5 $2 16. e5 Qd8 17. Be3 Nxd3 18. Rxd3
$16) 16. b4 {would have been the simple way to get a small advantage.}) 13...
Nc6 14. Kh1 Qe7 ({After} 14... h6 15. Rb1 {I simply did not like my position.})
15. f5 exf5 16. exf5 Ne5 17. Bg5 f6 18. Nxe5 dxe5 19. Bd2 e4 $5 ({After} 19...
Rd8 20. Rad1 Rb8 {Black's position would be decent, although I did not like it.
}) 20. Bc4+ ({I considered the following forced line as a bit better for White
but very drawish:} 20. Rae1 Bxf5 21. Rxf5 gxf5 22. Qxf5 Qe5 23. Qxe5 fxe5 24.
Bxe4 Rab8 $132) 20... Kh8 21. Qb3 Bxf5 22. Bxb4 Qe5 23. Bxf8 Bxf8 24. Qg3 (24.
Qc3 Qxc3 25. bxc3 Kg7 $44) (24. Rae1 Bd6 25. Qg3 Qxg3 26. hxg3 h5 $44) 24...
Qxb2 (24... Qxg3 $5 25. hxg3 h5 26. Rad1 Rc8 27. Bb3 Bc5 {is also decent for
Black, the white king being trapped.}) 25. Bb3 (25. c3 $1 {was the only way to
create problems, and after} Qb8 26. Qxb8 Rxb8 27. Bxa6 {Black has
compensations but White definitely has chances.}) (25. Rad1 Qb8 $132) 25... Re8
26. Rad1 Bb4 (26... Qe5 {was way safer and completely fine.}) 27. a3 ({Just
after my move I realised about} 27. Ba4 {but after} Rg8 {luckily White does
not seem to have anything.}) 27... e3 28. Ba4 (28. axb4 e2 $11) 28... e2 29.
Bxe8 Bxc2 30. Rde1 (30. axb4 {doesnt not work because of} exd1=Q 31. Rxd1 Bxd1
32. Qd6 Bb3 $8 $15) 30... exf1=Q+ 31. Rxf1 Bxa3 32. h4 $6 (32. Bc6 {was
required although the position is a draw.}) 32... Be4 33. Qf2 Qxf2 $6 (33... f5
{was simpler.}) 34. Rxf2 Be7 35. Ra2 Bd3 36. Rd2 Bb5 37. Bxb5 axb5 38. Rd7 Bc5
39. g4 Bf2 40. h5 Be3 41. Kg2 b4 42. Kf3 Bg5 43. Ke4 b3 44. Kd3 (44. Rb7 b2 45.
Kd5 b1=Q 46. Rxb1 gxh5 47. gxh5 Kg7 48. Ke6 Kh6 $11) 44... b2 45. Kc2 Bc1 46.
Rf7 gxh5 47. gxh5 f5 48. Rb7 f4 49. h6 Kg8 50. Rg7+ Kh8 1/2-1/2

[Event "Yongchuan zt 3.3"]
[Site "Yongchuan"]
[Date "2003.07.23"]
[Round "11"]
[White "Ni, Hua"]
[Black "Wang, Zili"]
[Result "1-0"]
[WhiteElo "2533"]
[BlackElo "2542"]
[Annotator "Erenburg,S"]
[PlyCount "41"]
[EventDate "2003.07.11"]
[EventType "tourn"]
[EventRounds "11"]
[EventCountry "CHN"]
[EventCategory "12"]
[SourceTitle "CBM 097"]
[Source "ChessBase"]
[SourceDate "2003.11.11"]
[SourceVersion "1"]
[SourceVersionDate "2003.11.11"]
[SourceQuality "1"]

{[%mdl 2]} 1. e4 c5 2. Nf3 Nc6 3. Bb5 Nd4 {Very rare continuation. Much more
popular are the following ones:} (3... g6) (3... e6) (3... Na5 {is also
possible.}) 4. Bc4 (4. Ba4 b5 5. Nxd4 bxa4 6. Nf3 e6 7. O-O Bb7 8. d3 $14 {
1/2-1/2 Okhotnik,V-Zigura,O/Hautes Alpes 2001/EXT 2003 (69)}) (4. Nxd4 cxd4 5.
O-O e6 6. d3 Bc5 7. Qg4 Qf6 8. f4 $14 {1-0 Bologan,V-Gillani,T/Manila 1992/TD 
(43)}) 4... g6 5. Nc3 {transforming to B23 line. This position can be arised
after: 1.e4 c5 2.Nc3 Nc6 3.Bb5 Nd4 4.Bc4 g6 5.Nf3} Bg7 (5... a6 {1-0 Godena,
M-Drei,A/Saint Vincent 2000/CBM 78/[Baburin] (39)}) 6. Nxd4 {Interesting
attempt. Usually white takes on d4 after black plays e7-e6:} (6. O-O e6 (6...
Nf6 7. d3 O-O 8. Bg5 d6 9. Nxd4 cxd4 10. Nd5 e6 11. Nxf6+ Bxf6 12. Bxf6 Qxf6
13. f4 $14 {1/2-1/2 Conquest,S-Stefansson,H/Reykjavik 1998/CBM 64 (31)}) (6...
d6 7. Nxd4 cxd4 8. Ne2 Nf6 9. d3 d5 10. Bb5+ Bd7 11. Bxd7+ Nxd7 (11... Qxd7 12.
e5 Ng4 13. f4) 12. exd5 Nb6 13. c4 dxc3 14. Nxc3 O-O 15. Qb3 Qd7 $11 {1-0
Najer,E-Kovchan,A/Swidnica 1999/EXT 2000 (57)}) 7. Nxd4 cxd4 8. Nb5 a6 9. Nd6+
Ke7 10. Nxc8+ Rxc8 11. d3 $16 {1/2-1/2 Najer,E-Van Blitterswijk,S/Groningen
1999/CBM 73 ext (34)}) (6. d3 e6 7. O-O Ne7 8. Nxd4 cxd4 9. Ne2 d5 10. Bb3 dxe4
11. dxe4 Nc6 $11 {1/2-1/2 Spassky,B-Lautier,J/Clermont Ferrand 1989/CBM 14 (53)
}) 6... cxd4 7. Qf3 {trying to force black to play e7-e6, thus, to weaken dark
squares.} e6 $2 {allows white to get an obvious advantage.} ({Black has to play
} 7... Nh6 $8 {See commented game 1/2-1/2 Najer,E-Tiviakov,S/Groningen 1999/
EXT 2002/[Tiviakov] (34)}) ({After} 7... Nf6 $2 {black loses the material, and,
probably, cannot get a sufficient compensation for it:} 8. Nb5 O-O (8... e5 9.
Nd6+ $18) (8... Qb6 9. e5 $18) 9. Nxd4 d5 $1 10. exd5 e6 (10... e5 11. Ne2 b5
12. Bxb5 e4 13. Qg3 Qxd5 14. Nc3 Qf5 15. d3 $2 (15. Bc6 Ba6 $44) (15. O-O $142)
15... Nh5 $1 16. Qg5 Qxg5 17. Bxg5 Rb8 $44 {0-1 Solak,D-Perunovic,M/Subotica
2000/CBM 81 (60)}) 11. O-O exd5 12. Bb3 Re8 13. d3 Bg4 14. Qg3 Qd7 15. h3 Bh5
16. Be3 $16) 8. Nb5 {Now white exploits weaknesses of the dark squares in the
black camp.} Be5 {covering the d6 square.} (8... d6 9. Qa3 $5 Be5 10. d3 d5 11.
f4 $16) (8... Qb6 9. Qf4 $16) 9. Qd3 {White attacks the black's central pawn
d4, thus, forces black to develop his queen to b6, where he will be attacked
by the white's dark-squared bishop from e3.} (9. c3 {is another good
possibility to fight for the edge.} dxc3 10. d4 (10. dxc3 a6 11. Nd4 Qc7 12.
Bb3 $14 {Konieczka,F-Kern,J/Bundesliga 1990}) 10... a6 11. dxe5 axb5 12. Bb3
cxb2 13. Bxb2 Qa5+ (13... b6 14. O-O Bb7 15. Rfd1 $16 {1-0 Najer,E-Vink,N/
Cappelle la Grande 2000/CBM 74 ext (26)}) 14. Bc3 b4 15. Bb2 Qb5 16. O-O-O b6
17. Qe3 $16) 9... Qb6 10. c3 dxc3 11. dxc3 $32 {[%cal Yc1e3]} a6 12. Be3 $16 {
White's development advantage is very big, now black has to find some way to
keep his position.} Qc6 13. f4 $1 $36 {strengthening the initiative. Worse is}
(13. Nd4 Qd6 14. Nf3 Qxd3 15. Bxd3 Bc7 16. Bd4 $16 {1/2-1/2 Zeidler,S-Dishman,
S/England 2001/EXT 2002 (62)}) 13... Bb8 14. Nd4 Qc7 15. Bb3 $146 {is stronger
than} (15. Nf3 {, which was checked in previous game.} b5 16. Bb3 Ba7 17. Bd4
f6 18. Bxa7 Rxa7 19. Qd4 $16 {1-0 Lakos,N-Werner,V/GER 2002/EXT 2003 (57)})
15... Ne7 {Black tries to complete the development.} 16. O-O-O b5 ({After} 
16... O-O 17. h4 {black is under dangerous attack.}) 17. f5 $1 $40 {White
opens the game, using the vulnerable position of black monarch.} Ba7 {Black
cannot parry white's attack after the following continuations as well:} (17...
Bb7 18. fxe6 dxe6 19. Bxe6 $1 $18 fxe6 20. Nxe6 Qc8 21. Qd8+ Qxd8 22. Rxd8+ Kf7
23. Ng5+ $18 {[%csl Yg6][%cal Gf7g6]}) (17... gxf5 $142 18. exf5 Bb7 19. fxe6
dxe6 20. Bxe6 fxe6 21. Nxe6 Qc8 22. Qd8+ Qxd8 23. Rxd8+ Kf7 24. Ng5+ Kg7 25.
Rd7 $1 $16 (25. Bd4+ Kg6 $13)) (17... O-O 18. Rhf1 $40) 18. Rhf1 b4 $2 {
loses on the spot.} ({More resistant was} 18... gxf5 19. exf5 d5 20. Rde1 $40
Bd7 $140 21. fxe6 fxe6 22. Nxe6 Bxe6 23. Bxa7 Qxa7 24. Rxe6 O-O-O 25. Rf7 $18)
19. fxe6 $1 $18 fxe6 20. Bf4 $1 e5 (20... Qa5 {loses as well:} 21. Nxe6 $1 dxe6
22. Ba4+ Qxa4 (22... Kf7 23. Bc7+ $18) 23. Qd8+ Kf7 24. Qxe7+ Kxe7 25. Bg5+ Ke8
26. Rd8#) {[%tqu "En","Please find the winning move for white.","","","b3f7",
"",10]} 21. Bf7+ $3 (21. Bf7+ Kxf7 (21... Kd8 22. Ne6#) (21... Kf8 22. Bh6#)
22. Bxe5+ $18) 1-0

[Event "Varna-15"]
[Site "Varna"]
[Date "1976.05.??"]
[Round "?"]
[White "Espig, Lutz"]
[Black "Hernandez Onna, Roman"]
[Result "1-0"]
[WhiteElo "2480"]
[BlackElo "2460"]
[Annotator "Espig,L"]
[PlyCount "93"]
[EventDate "1976.05.??"]
[EventType "tourn"]
[EventRounds "13"]
[EventCountry "BUL"]
[SourceTitle "EXT 2014"]
[Source "ChessBase"]
[SourceDate "2013.11.20"]
[SourceVersion "1"]
[SourceVersionDate "2013.11.20"]
[SourceQuality "1"]

{SCHACH 7/1976 Seiten 309-310} 1. e4 c5 2. Nc3 e6 3. Nge2 Nc6 4. d4 d5 $6 5.
exd5 exd5 6. Be3 (6. dxc5 $1) 6... c4 7. g3 Nf6 8. Bg2 Bb4 9. O-O h6 10. Nf4
Bg4 11. Qb1 $5 Ne7 12. h3 Bf5 13. a3 Ba5 14. b4 Bc7 15. Qd1 Qd7 16. Nh5 Nxh5
17. Qxh5 Rd8 $2 18. Rfe1 O-O 19. Bxh6 $1 Bg6 20. Qe2 Rfe8 21. Bg5 f6 22. Be3
Bf7 23. Rad1 Nf5 24. Qd2 Bb6 25. g4 $1 Nxe3 26. Rxe3 Rxe3 27. Qxe3 a5 28. Qd2
Re8 29. Ne2 axb4 30. axb4 Bg6 31. Nf4 Be4 32. Re1 Bxg2 33. Rxe8+ Qxe8 34. Nxg2
Qe4 35. c3 Kf7 36. Qe3 Qb1+ 37. Qe1 Qxe1+ 38. Nxe1 Bc7 39. Kf1 Ke6 40. Ke2 f5
41. Ng2 fxg4 42. hxg4 g5 43. f4 Bd8 44. Kf3 Be7 45. Ne3 Bd8 46. Nd1 gxf4 47.
Kxf4 (47. Kxf4 Bc7+ 48. Kg5 Bg3 49. Kh5 Be1 50. g5 Bd2 51. Kg4 $1 {nebst g5-g6}
) 1-0

[Event "Olympiad-31"]
[Site "Moscow"]
[Date "1994.12.14"]
[Round "13.1"]
[White "Spangenberg, Hugo"]
[Black "Ftacnik, Lubomir"]
[Result "0-1"]
[WhiteElo "2530"]
[BlackElo "2570"]
[Annotator "Ftacnik,L"]
[PlyCount "48"]
[EventDate "1994.12.01"]
[EventType "team-swiss"]
[EventRounds "14"]
[EventCountry "RUS"]
[SourceTitle "CBM 045"]
[Source "ChessBase"]
[SourceDate "1995.04.01"]
[SourceVersion "1"]
[SourceVersionDate "1995.04.01"]
[SourceQuality "1"]
[WhiteTeam "Argentina"]
[BlackTeam "Slovakia"]
[WhiteTeamCountry "ARG"]
[BlackTeamCountry "SVK"]

1. e4 {Bangiev} c5 2. Nc3 d6 3. f4 g6 4. Nf3 Bg7 5. Bc4 e6 6. O-O Ne7 7. d3
Nbc6 8. f5 d5 9. Bb3 dxe4 (9... gxf5 10. exd5 Bxc3 11. bxc3 Nxd5 12. Qe1 h6 13.
Ne5 Nxe5 14. Qxe5 Qf6 15. Rxf5 Qxe5 16. Rxe5 f6 17. Rh5 Nxc3 18. Kf2 Bd7 19.
Rxc5 Rc8 20. Rxc8+ Bxc8 21. Bb2 Nd5 22. Re1 Kf7 23. g3 Bd7 24. Re4 {Kraus,
O-Pick,S/Dortmund op-B (08)/1993/1-0 (57)}) 10. fxg6 $5 $146 (10. f6 Bxf6 11.
Nxe4 Bg7 12. Bg5 f5 13. Nf2 O-O 14. Qe1 Qd7 15. Nh3 Na5 16. Qxa5 {Silva,F-Har
Zvi,R/EUCup/1993/}) (10. fxe6 exf3 11. exf7+ Kf8 12. Qxf3 Nd4 $17) (10. dxe4
Qxd1 11. Rxd1 gxf5 12. Nb5 O-O $15) 10... exf3 (10... hxg6 11. Nxe4 b6 12. Bg5
$40) (10... fxg6 {Bangiev} 11. Ng5 $36) 11. gxf7+ (11. Qxf3 Bd4+ 12. Kh1 f5 13.
gxh7 Rxh7 $17) 11... Kf8 (11... Kxf7 $2 12. Qxf3+ $18) 12. Qxf3 Qd4+ (12... Nd4
13. Qh5 Nef5 (13... Nxb3 {Bangiev} 14. axb3 Nf5 $5 15. Be3 Bd4 $13) 14. Ne4 $40
) (12... Nf5 $5 {Bangiev}) 13. Kh1 (13. Be3 Qxe3+ $1 14. Qxe3 Bd4 15. Rae1 Kg7
$17 (15... Bxe3+ {Bangiev} 16. Rxe3 Nd4 $13) (15... Nf5 $2 16. Rxf5 $1 $16))
13... Ne5 14. Qe2 (14. Qh5 Qg4 15. Qxg4 Nxg4 16. Ne4 b6 17. Nd6 Nd5 $17) (14.
Qg3 Nf5) 14... Qg4 (14... Nf5 {Bangiev} 15. Nb5 $5 $44) (14... Nxf7 $2 {Bangiev
} 15. Bxe6 $16) 15. Qf2 b6 (15... Nf5 {Bangiev} 16. Qxc5+ Kxf7 $13) 16. h3 (16.
Bf4 Bb7 17. Rae1 Nf3 18. gxf3 Qxf4 19. Bxe6 Rd8 $17) 16... Qg6 17. Bf4 Bb7 (
17... Nxf7 $2 18. Qf3 $1 $18) (17... N7c6 {Bangiev} 18. Rae1 Bd7 (18... Nxf7
19. Qf3 $5 Bd7 20. Bxe6 $1 Bxe6 21. Qxc6 Rc8 22. Bd6+ Kg8 23. Qxc8+ Bxc8 24.
Re8+ Bf8 25. Rxf8+ (25. Bxf8 h5 26. Rxc8 $44) 25... Kg7 26. R8xf7+ Qxf7 27.
Be5+ Kg6 28. Rxf7 $18) 19. Nb5 $5 $44) 18. Rae1 c4 $5 (18... N7c6 19. Nb5 $36)
(18... Nxf7 $6 {Bangiev} 19. Rxe6 $16) 19. dxc4 $6 (19. Bxc4 Nxc4 20. dxc4 Kxf7
$17) (19. Bxe5 Bxe5 20. Rxe5 cxb3 21. axb3 Nf5 $17 22. Kh2 (22. Rfe1 {Bangiev}
Qxf7 $17) 22... h5 $17) (19. Rxe5 $5 cxb3 (19... Bxe5 20. Bxe5 cxb3 21. Bxh8 (
21. axb3 Qxg2+ 22. Qxg2 Bxg2+ 23. Kxg2 Ng6 24. Bxh8 Nxh8 25. Ne4 $16) 21... Nf5
22. Be5 bxc2 23. Qxc2 $16) (19... Nf5 $2 20. Bxc4 Bxe5 21. Bxe5 $16 Kxf7 $6 22.
Qxf5+ Qxf5 23. Rxf5+ $18) 20. Rg5 $5 (20. axb3 Nf5) 20... Qf6 $1 (20... Qxf7 $2
21. Rxg7 $1 Qxg7 22. Be5+ $18) 21. axb3 (21. Rxg7 $5 Qxg7 (21... Kxg7 $2 22.
Bh6+ $3 {[#]} Qxh6 23. Qd4+ $18) 22. d4 {/\ Be5} (22. axb3 h5 $17) 22... bxc2
$1 (22... h5 23. d5 $5 (23. Be5 Qxg2+ 24. Qxg2 Bxg2+ 25. Kxg2 Rh7 $17) 23...
exd5 (23... Bxd5 24. Nxd5 exd5 (24... Nxd5 $2 25. Bd6+ Ne7 26. Qh4 $16) 25. Bd6
bxa2 26. Qe2 Re8 27. fxe8=Q+ Kxe8 28. Qb5+ Kd8 29. Bxe7+ Qxe7 30. Qxd5+ $16)
24. Nb5 d4 (24... Nf5 25. Nd6 $16) 25. Nxd4 {/\ Ne6} Qxg2+ (25... Bxg2+ 26. Kh2
$1 $16) 26. Qxg2 Bxg2+ 27. Kxg2 Rh7 (27... Kxf7 28. Be5+ Kg6 29. Bxh8 Rxh8 30.
axb3 $16) 28. Ne6+ Kxf7 29. Ng5+ Kg6 30. Nxh7 bxa2 $5 (30... Kxh7 31. axb3 $16)
31. Ra1 (31. Ng5 Rf8 32. Ne6 Rf6 $15) 31... Kxh7 32. Rxa2 $10) 23. Be5 Qxg2+ (
23... Qh6 24. Qxc2 Qxh3+ 25. Kg1 Qe3+ 26. Rf2 Ng6 27. Bxh8 Nxh8 28. Qxh7 $16)
24. Qxg2 Bxg2+ 25. Kxg2 Nf5 $1 (25... Ng6 26. Bxh8 Nxh8 27. Rc1 Nxf7 28. Rxc2
$10) 26. Rc1 Kxf7 27. Bxh8 Rxh8 28. Ne2 Rc8 29. Kf3 Kf6 30. Ke4 Kg5 $17) 21...
h6 (21... Nf5 {Bangiev} 22. Ne4 Bxe4 23. dxe4 Ne7 $44) 22. Rg4 Nf5 $13) 19...
Nxf7 20. Nb5 $6 (20. c5 $5 Bd4 $1 (20... Bxc3 21. Rxe6 $1 Qxg2+ 22. Qxg2 Bxg2+
23. Kxg2 Rg8+ 24. Kh2 $18) (20... Nd5 {Bangiev} 21. Bd6+ Kg8 22. Nxd5 Bxd5 (
22... exd5 23. Re7 $5 (23. Qxf7+ Qxf7 24. Rxf7 Kxf7 25. Re7+ Kg6 26. Rxb7 $13)
23... Nxd6 24. Rxb7 Nc4 25. Qf3 Rd8 26. Bxc4 dxc4 27. Rd7 $18) 23. Bxd5 exd5
24. Qf3 $5 $44) 21. Bh6+ Kg8 22. Be3 Bxc3 23. bxc3 Nf5 24. Bf4 Re8 $13) 20...
Nf5 21. Nc7 Re8 $1 22. Nxe8 (22. c3 Re7 23. c5 e5 $17) 22... Bd4 $1 23. Qd2 (
23. Qe2 Rg8 24. Nc7 Bxg2+ 25. Kh2 e5 26. c5 (26. Rf2 Bb7 $19) 26... Bxf1 27.
Rxf1 Be3 $1 28. Bxe5 Nxe5 29. Rxf5+ Qxf5 $19) 23... Rg8 24. Re2 Qg3 $3 {/\Qh3}
(24... Ng3+ 25. Bxg3 Qxg3 26. Qh6+ Kxe8 27. Qxe6+ Kd8 $19) (24... Qg3 25. Qb4+
(25. Qxd4 Qxh3+ 26. Bh2 Bxg2+ $19) (25. Bh6+ Kxe8 26. Ba4+ Ke7 $19) (25. Bxg3 {
Bangiev} Nxg3+ 26. Kh2 Nxf1+ 27. Kh1 Nxd2 28. Rxd2 Rxg2 29. Rxg2 Kxe8 $19)
25... Bc5 26. Qxc5+ bxc5 27. Bxg3 Nxg3+ 28. Kh2 Nxf1+ 29. Kg1 Kxe8 $19) 0-1